[Event "Ghent Taminco op 34th"]
[Site "Ghent"]
[Date "2011.07.19"]
[Round "8"]
[White "De Bock, Lennart"]
[Black "Shchekachev, Andrei"]
[Result "0-1"]
[WhiteElo "2071"]
[BlackElo "2537"]
[PlyCount "72"]
[EventDate "2011.07.16"]
[EventType "swiss"]
[EventRounds "9"]
[EventCountry "BEL"]
[SourceTitle "CBM 143 Extra"]
[Source "ChessBase"]
[SourceDate "2011.08.29"]
[SourceVersion "1"]
[SourceVersionDate "2011.08.29"]
[SourceQuality "1"]

1. d4 Nf6 2. c4 e6 3. Nc3 Bb4 4. Qc2 c5 5. Nf3 cxd4 6. Nxd4 Nc6 7. e3 d5 8. cxd5 exd5 9. a3 Bd6 10. Ncb5 Nxd4 11. Nxd4 0-0 12. Bd3 Re8 13. Bd2 Ne4 14. Bb4 Bb8 15. 0-0-0 a5 16. Be1 Qg5 17. g3 Bg4 18. Be2 Rc8 19. Bc3 Bxe2 20. Qxe2 Nxc3 21. bxc3 Rxc3+ 22. Kb2 Rc8 23. f4 Qf6 24. Qb5 Bd6 25. Qxd5 Rc5 26. Qb3 a4 27. Qd3 Rac8 28. Rc1 g6 29. Rxc5 Bxc5 30. Rc1 Qd6 31. Ka2 Rd8 32. Rd1 Qd5+ 33. Ka1 Bf8 34. Rc1 Bg7 35. Rc4 Qh1+ 36. Kb2 Qxh2+ 0-1

[Event "BEL-ch"]
[Site "Ghent"]
[Date "2010.05.16"]
[Round "7"]
[White "De Bock, Lennart"]
[Black "Verhaeren, Gertjan"]
[Result "1/2-1/2"]
[WhiteElo "2045"]
[BlackElo "1976"]
[PlyCount "25"]
[EventDate "2010.05.13"]
[EventType "swiss"]
[EventRounds "7"]
[EventCountry "BEL"]
[SourceTitle "CBM 136 Extra"]
[Source "ChessBase"]
[SourceDate "2010.07.02"]
[SourceVersion "2"]
[SourceVersionDate "2010.07.15"]
[SourceQuality "1"]

1. d4 Nf6 2. c4 e6 3. Nc3 Bb4 4. Bg5 h6 5. Bh4 c5 6. Nf3 d5 7. cxd5 exd5 8. dxc5 g5 9. Bg3 Nc6 10. e3 Qa5 11. Nd2 Bxc3 12. bxc3 Qxc5 13. Rc1 1/2-1/2

[Event "BEL-ch op"]
[Site "Namur"]
[Date "2009.07.06"]
[Round "3"]
[White "Henris, Luc"]
[Black "De Bock, Lennart"]
[Result "0-1"]
[WhiteElo "2265"]
[BlackElo "2056"]
[PlyCount "192"]
[EventDate "2009.07.04"]
[EventType "swiss"]
[EventRounds "9"]
[EventCountry "BEL"]
[SourceTitle "EXT 2010"]
[Source "ChessBase"]
[SourceDate "2010.11.25"]
[SourceVersion "1"]
[SourceVersionDate "2010.11.25"]
[SourceQuality "1"]

1. e4 c5 2. c3 Nf6 3. e5 Nd5 4. Nf3 e6 5. d4 cxd4 6. cxd4 d6 7. Bc4 Nc6 8. Qe2 Be7 9. 0-0 Nb6 10. Bb3 a5 11. Nc3 a4 12. Bc2 d5 13. a3 Bd7 14. Be3 Na5 15. Nd2 Nac4 16. Nxc4 Nxc4 17. Bd3 b5 18. f4 Rc8 19. f5 Bg5 20. Bxg5 Qxg5 21. fxe6 fxe6 22. Kh1 Rf8 23. Bxh7 Rh8 24. Qf2 Qh5 25. h3 Qxh7 26. Qf7+ Kd8 27. Nxd5 exd5 28. e6 Bxe6 29. Qxe6 Qe4 30. Qf5 Qxf5 31. Rxf5 Nb6 32. Rg5 Rc7 33. Rf1 Re7 34. Rc1 Rh4 35. Rc6 Rb7 36. Rc5 b4 37. axb4 Rxd4 38. Rb5 Rd2 39. Rg6 Kc7 40. Rxg7+ Kb8 41. Rg8+ Nc8 42. Rc5 Rc7 43. Rb5+ Ka7 44. Ra5+ Kb6 45. Rxa4 Ne7 46. Rb8+ Rb7 47. Rf8 Rxb2 48. Rf7 d4 49. b5 d3 50. Rd4 d2 51. Kh2 Kc5 52. Rd8 Nd5 53. Rf1 Ne3 54. Rg1 d1Q 55. Rdxd1 Nxd1 56. Rxd1 Rg7 57. Rg1 Kd4 58. h4 Ke3 59. Kh3 Kf2 60. Kh2 Rg4 61. g3 Rxb5 62. Rg2+ Kf3 63. Rg1 Rb8 64. Rf1+ Ke2 65. Ra1 Rbg8 66. Ra2+ Kf3 67. Ra3+ Ke4 68. Kh3 R4g7 69. Ra4+ Kf5 70. Ra5+ Kg6 71. g4 Kh6 72. Rh5+ Kg6 73. Ra5 Rb8 74. h5+ Kh6 75. Ra6+ Kh7 76. Ra4 Rgb7 77. Rc4 Rb4 78. Rc7+ Kh8 79. Rc1 Rd4 80. Kh4 Rg8 81. Rg1 Kg7 82. Rf1 Re8 83. Rf5 Re1 84. Rg5+ Kh7 85. Rg6 Rg1 86. Rg5 Rh1+ 87. Kg3 Rd3+ 88. Kf4 Rf1+ 89. Ke4 Rd8 90. Ra5 Re8+ 91. Kd3 Kh6 92. Ra6+ Kg7 93. g5 Rd1+ 94. Kc2 Rd5 95. h6+ Kh7 96. Ra7+ Kg6 0-1

[Event "Ghent Taminco op 31st"]
[Site "Ghent"]
[Date "2008.07.20"]
[Round "3"]
[White "De Bock, Lennart"]
[Black "Sowray, Peter John"]
[Result "0-1"]
[WhiteElo "2053"]
[BlackElo "2327"]
[PlyCount "46"]
[EventDate "2008.07.19"]
[EventType "swiss"]
[EventRounds "9"]
[EventCountry "BEL"]
[SourceTitle "CBM 125 Extra"]
[Source "ChessBase"]
[SourceDate "2008.09.01"]
[SourceVersion "1"]
[SourceVersionDate "2008.09.01"]
[SourceQuality "1"]

1. d4 f5 2. e4 fxe4 3. Nc3 Nf6 4. Bg5 Nc6 5. f3 d5 6. Bb5 e3 7. Nge2 Bf5 8. Nf4 Qd6 9. Bxf6 gxf6 10. Nfxd5 Bh6 11. Qe2 0-0-0 12. Rd1 Nb4 13. Nxb4 Qxb4 14. Qc4 Qxc4 15. Bxc4 Bxc2 16. Rc1 Bg6 17. Nd5 Rd7 18. Ke2 Rhd8 19. Nxe3 Rxd4 20. Rc3 Rd2+ 21. Kf1 Rd1+ 22. Nxd1 Rxd1+ 23. Kf2 Rxh1 0-1

[Event "Ghent VSF-chB"]
[Site "Ghent"]
[Date "2003.06.08"]
[Round "6"]
[White "De Bock, Lennart"]
[Black "Viaene, Arvid"]
[Result "0-1"]
[WhiteElo "1699"]
[BlackElo "1638"]
[PlyCount "56"]
[EventDate "2003.05.29"]
[EventType "swiss"]
[EventRounds "7"]
[EventCountry "BEL"]
[SourceTitle "EXT 2005"]
[Source "ChessBase"]
[SourceDate "2004.11.15"]
[SourceVersion "1"]
[SourceVersionDate "2004.11.15"]
[SourceQuality "1"]

1. d4 d5 2. Nf3 Nf6 3. c4 e6 4. Nc3 Nbd7 5. Bg5 Be7 6. e3 h6 7. Bh4 Ne4 8. Bxe7 Qxe7 9. Qc2 Nxc3 10. bxc3 0-0 11. Bd3 dxc4 12. Bxc4 b6 13. Bb5 Bb7 14. Bxd7 Qxd7 15. Ne5 Qd5 16. f3 c5 17. Qb3 Qd6 18. Kf2 Rfc8 19. Qa3 Qd5 20. Rac1 Rc7 21. Rhd1 Rac8 22. Nd3 cxd4 23. cxd4 Rc2+ 24. Ke1 Qg5 25. Rxc2 Rxc2 26. Nf2 Qxg2 27. Rd2 Qg1+ 28. Ke2 Bxf3+ 0-1